000 00465nam a2200181Ia 4500
001 4884
005 20260306145827.0
008 260306t2000||||xx |||||||||||||| ||spa||
041 _aESP
082 _a331
_bF28
100 _aFaúndez, Julio
_eAUT
245 0 _aAcciones positivas en el empleo y la ocupación:
_bperspectivas internacionales
260 _c2000
300 _a168 páginas :
_c21cm.
650 _aGEN
654 _aCAN
942 _cLIB
_dJUS
_fJUS
_2ddc
_n
999 _c4884
_d4884